000 00321nam a22001337a 4500
020 _a978-1-862-30581-6
082 _a823
_bCOL/S
100 _aCOLE, STEVE
245 _aASTROSAURS
_bTHE SEAS OF DOOM
260 _aGREAT BRITAIN
_bRED FOX
_c2005
300 _a129
650 _aADVENTURE STORIES
_zUNITED KINGDOM
942 _cBK
999 _c6053
_d6053